00369nam a2200133Ia 4500100001600000650001200016942000700028245004200035260002100077082001400098546001200112999001700124952009400141 aZig Ziglar  aGeneral cBK aUP UP Up staying in a down down world bMagna Publishers a226.8/ZIG aENGLISH c33112d33112 001040708CRCaCRCEbCRCEd2023-03-17l0o226.8/ZIG p18757r2023-03-17w0000-00-00yBK